Empires of Europe Quiz - Statistics

General Stats
  • This quiz has been taken 67 times
  • The average score is 13 of 15
Answer Stats
Hint Answer % Correct
Dissolved into the Weimar Republic German Empire
94%
Napoleon crowned himself the emperor of this empire French Empire
92%
The tsardom was toppled in 1917 Russian Empire
92%
Went to war with Serbia when Archduke Franz Ferdinand was assassinated Austro-Hungarian Empire
91%
It coved around 25% of the world at its peak British Empire
91%
Middle eastern nation involved in WW1 Ottoman Empire
91%
Julius Caesar was from here Roman Empire
89%
They owned most of South and Central America Spanish Empire
89%
This empire owned Brazil Portuguese Empire
87%
Once owned most of Scandinavia Swedish Empire
85%
Its capital was Constantinople Byzantine Empire
79%
They settled Cape Town in South Africa Dutch Empire
77%
Led by Alexander The Great Macedonian Empire
75%
Lasted from 800 to 1806 Holy Roman Empire
72%
Biggest contiguous empire Mongolian Empire
55%
No matching quizzes found
Score Distribution
Percent of People with Each Score
Percentile by Number Answered
Your Score History
You have not taken this quiz